000 00354 a2200121 4500
001 ART_6995
005 20260410161659.0
008 260409a
245 1 0 _aRiesgos bancarios y racionamiento de crédito
100 1 _aElosegui, Pedro
700 1 _aVillamil, Anne
773 0 _tEnsayos Económicos
_g- Nº 49 (oct./dic. 2007)
_wREV620
999 _c15032
_d15032